Wajeeh sa Abdul Haq tak/ (Record no. 614211)

000 -LEADER
fixed length control field 00637nam a22001697a 4500
082 ## - DEWEY DECIMAL CLASSIFICATION NUMBER
Classification number 891.4394
Author Mark ABD
100 ## - MAIN ENTRY--PERSONAL NAME
Personal name Dr.Sayed Abdullah
245 ## - TITLE STATEMENT
Title Wajeeh sa Abdul Haq tak/
Statement of responsibility, etc. Dr. Sayed Abdullah
260 ## - PUBLICATION, DISTRIBUTION, ETC.
Place of publication, distribution, etc. lahore:
Name of publisher, distributor, etc. Sang-e-Meel Publications/
Date of publication, distribution, etc. 2016.
300 ## - PHYSICAL DESCRIPTION
Extent 328p. :
Dimensions 26cm.
563 ## - BINDING INFORMATION
Binding note HB
650 ## - SUBJECT ADDED ENTRY--TOPICAL TERM
Topical term or geographic name entry element Literary Evolution from Wajeeh to Abdul Haq
880 ## - ALTERNATE GRAPHIC REPRESENTATION
Linkage 100-01\(3\r
Title ڈاکٹر سید عبداللہ
880 ## - ALTERNATE GRAPHIC REPRESENTATION
Linkage 245-02\(3\r
Title واجہ سے عبد الحق تک/
b ڈاکٹر سید عبداللہ
880 ## - ALTERNATE GRAPHIC REPRESENTATION
Linkage 260-03\(3\r
Title لاہور:
b سنگِ میل پبلکیشنز,
c 2016.
942 ## - ADDED ENTRY ELEMENTS (KOHA)
Source of classification or shelving scheme
Koha item type Book
650 ## - SUBJECT ADDED ENTRY--TOPICAL TERM
-- 129597
Holdings
Withdrawn status Lost status Source of classification or shelving scheme Damaged status Not for loan Permanent Location Current Location Date acquired Total Checkouts Full call number Barcode Date last seen Price effective from Koha item type
          Central Library (CL) Central Library (CL) 07/10/2025   891.4394 ABD CL-D-2889 07/11/2025 07/10/2025 Book
© 2023 Central Library, National University of Sciences and Technology. All Rights Reserved.